000 01594nam a2200265Ia 4500
999 _c38946
_d38946
001 5383
003 GE_BSU
005 20190528205808.0
008 181216s1970||||ge |||||||||||||| ||geo||
040 _cGE_BSU
041 _ageo
080 _a54(038)81'374.26=161.1=353.1 ქ-52
245 _aქიმიის ტერმინოლოგია= Химическая терминология (რუსულ - ქართული) /
_cშეადგინეს რ. ნიკოლაძემ ; და დ. გვარამაძემ ; რ. ნიკოლაძის და რ. ღამბაშიძის რედაქციით ; მხატვ. გ. ნადირაძე.
264 _aთბილისი :
_bმეცნიერება,
_c1970.
300 _a220 გვ .:
_c20 სმ.
546 _aპარალ. თავფურც. რუს. ენაზე
653 _aქიმიის ტერმინოლოგია
700 _aნიკოლაძემ, ნ
_eშემდგენელი
_91790
700 _aგვარამაძე, დ
_eშემდგენელი
_91766
700 _aნიკოლაძე, რ
_eრედაქციით
_91767
700 _aღამბაშიძე, რ
_eრედაქციით
_91113
700 _aნადირაძე, გ
_eმხატვარი
_91791
710 _eსაქ. სსრ მეცნ. აკად., ენათმეცნ. ინ-ტი, საქ. პოლიტექნიკური ინ-ტი
_91792
942 _cBK
_2udc